Felix guattari and the ancients: theatrical dialogues in early philosophy (Record no. 1679656)

MARC details
000 -LEADER
fixed length control field 00785 a2200241 4500
005 - DATE AND TIME OF LATEST TRANSACTION
control field 20260423104743.0
008 - FIXED-LENGTH DATA ELEMENTS--GENERAL INFORMATION
fixed length control field 260423b |||||||| |||| 00| 0 eng d
020 ## - INTERNATIONAL STANDARD BOOK NUMBER
International Standard Book Number 978-1-3504-6888-7 (pbk)
037 ## - SOURCE OF ACQUISITION
Terms of availability TB
040 ## - CATALOGING SOURCE
Original cataloging agency CRL
Transcribing agency CRL
041 ## - LANGUAGE CODE
Source of code eng
Language code of text/sound track or separate title eng
084 ## - COLON CLASSIFICATION NUMBER
Classification number R853xN30 R5
Assigning agency CRL
100 ## - MAIN ENTRY--PERSONAL NAME
Personal name Genosko, Gary
9 (RLIN) 1115791
245 ## - TITLE STATEMENT
Title Felix guattari and the ancients: theatrical dialogues in early philosophy
260 ## - PUBLICATION, DISTRIBUTION, ETC.
Place of publication, distribution, etc. London, UK:
Name of publisher, distributor, etc. Bloomsbury Academic,
Date of publication, distribution, etc. 2025.
300 ## - PHYSICAL DESCRIPTION
Extent 173p
365 ## - TRADE PRICE
Price amount 19.99
Currency code GBP
650 ## - SUBJECT ADDED ENTRY--TOPICAL TERM
Topical term or geographic name entry element Philosophy
650 ## - SUBJECT ADDED ENTRY--TOPICAL TERM
Topical term or geographic name entry element Felix Guattari
9 (RLIN) 1235431
700 ## - ADDED ENTRY--PERSONAL NAME
Personal name Sengovia, Carlos A.
Relator term Author
9 (RLIN) 1235432
942 ## - ADDED ENTRY ELEMENTS (KOHA)
Koha item type Textbook
Source of classification or shelving scheme Colon Classification (CC)
Classification part R853xN30 R5
Holdings
Withdrawn status Lost status Source of classification or shelving scheme Damaged status Not for loan Home library Current library Date acquired Source of acquisition Cost, normal purchase price Inventory number Total Checkouts Full call number Barcode Date last seen Cost, replacement price Price effective from Koha item type
    Colon Classification (CC)     Central Library Central Library 2026-04-23 Segment Book Distributors 1979.01 71512 & 2026-02-17   R853xN30 R5 CL1926350 2026-02-17 2473.76 2026-02-17 Textbook
Copyright @ Delhi University Library System